00838ngm a2200265 4500003000400000005001700004007000500021008004100026010002000067024002300087035002000110040001300130082001500143245010800158260001600266300004700282440001600329538004900345538009700394650001100491700001700502700001600519700002000535700001700555dpl20090112115634.0DVD ||||||sp199 xxu|||||c ||| 00| 0 ng d  aDVD-002044-2046 c195.00aTDIDE 488V aDVD-002044-2046 aDPLcDPL aDVD / AMRI aAmrit Naam Ram :cTimes Music Presentsh[videorecording] DVD/bMediate On The Chants With Jagjit Singh bTimes Music a1 compactdisc ACD; bsd., c4 3/4 in.fACD aTimes Music aDolby Digital 5.1 - Hindi Subtitles: English aAnamorphic Wide Screen Format, Presented 2:35.1 Aspect Ratio Enhancaead for 16:9 Wide Screen aAudio  aJagjit Singh aPawan Kumar aSurya Raj Kamal aKiran Mishra